Normal view MARC view

Entry Topical Term

Number of records used in: 2

001 - CONTROL NUMBER

  • control field: 27935

003 - CONTROL NUMBER IDENTIFIER

  • control field: dpl

005 - DATE AND TIME OF LATEST TRANSACTION

  • control field: 20110510110117.0

008 - FIXED-LENGTH DATA ELEMENTS

  • fixed length control field: 110510|||a|||||| | ||| d

040 ## - CATALOGING SOURCE

  • Original cataloging agency: dpl
  • Transcribing agency: dpl

150 ## - HEADING--TOPICAL TERM

  • Topical term or geographic name as entry element: Academic achievement
  • Geographic subdivision: United States.

670 ## - SOURCE DATA FOUND

  • Source citation: Work cat.: (dpl)35405: Blankstein, Alan M., 1959- 27933, Failure is not an option :, 2010.

670 ## - SOURCE DATA FOUND

  • Source citation: Work cat.: (dpl)35405: Blankstein, Alan M., 1959- 27933, Failure is not an option :, 2010.

© Delhi Public Library
Hit Counter
free hit counter